00642nam a2200205Ia 4500003000900000008004100009040001300050040001300063041000800076100001800084245006200102260001400164260000900178300001100187300001000198490000600208942000700214999001700221952019800238IT-RoPAU120407s9999 xx 000 0 und d aIT-RoPAU cIT-RoPAU aita aGiorgio Falco aLa santa romana repubblica. Profilo storico del medioevo. aRicciardi c1957 a383 p. c22 cm v1 cBK c33809d33809 00102ddc406270_200000000000000_771aPAULUSbPAULUSd2012-04-11l0o270.2.7r2012-04-11 00:00:00w2012-04-11yBKzInserito da: Jole In data: 22 luglio 2011 fondo: Via A.Severo 56 Progr:21619